[Event "HUN Team League Csongrad Region 2019–2"]
[Site "Csongrád County"]
[Date "2019.10.20"]
[Round "2.4"]
[White "Gabor, Geza"]
[Black "Kozak, Janos"]
[Result "1-0"]
[WhiteElo "1568"]
[BlackElo "1510"]
[PlyCount "143"]
[EventDate "2019.09.29"]
[WhiteTeam "Üllés"]
[BlackTeam "Szentes II."]

1. e4 Nf6 2. Bc4 e5 3. d3 Bc5 4. h3 O-O 5. Bg5 h6 6. Bh4 Be7 7. Nc3 c6 8. a4
Re8 9. Nf3 d6 10. O-O Nbd7 11. a5 Nf8 12. d4 exd4 13. Nxd4 Nxe4 14. Bxe7 Rxe7
15. Nxe4 Rxe4 16. Bxf7+ Kh8 17. Re1 Rxe1+ 18. Qxe1 Bd7 19. Qe3 Qf6 20. Bh5 Ng6
21. Bxg6 Qxg6 22. Qd3 Qf6 23. c3 Re8 24. Kf1 d5 25. Rd1 g6 26. Re1 Rxe1+ 27.
Kxe1 Qe5+ 28. Qe3 Qxe3+ 29. fxe3 Kg7 30. Kf2 Kf6 31. Kf3 Ke5 32. h4 g5 33. hxg5
hxg5 34. g4 c5 35. Nb3 b6 36. axb6 axb6 37. Nc1 Bc6 38. Nd3+ Ke6 39. Kg3 Bb5
40. Nc1 Ke5 41. Kf3 c4 42. Ne2 Ba4 43. Nd4 Bd1+ 44. Kg3 Ke4 45. Ne6 Kxe3 46.
Nxg5 b5 47. Ne6 Ke4 48. Nd4 b4 49. g5 Bh5 50. Ne6 bxc3 51. bxc3 Kd3 52. Nf4+
Kxc3 53. Nxh5 d4 54. g6 d3 55. g7 d2 56. g8=Q d1=Q 57. Qg7+ Kc2 58. Nf4 Qg1+
59. Ng2 c3 60. Qe5 Kb2 61. Qb5+ Kc1 62. Qa4 Qd1 63. Qa1+ Kd2 64. Qa5 Qb3 65.
Qg5+ Kc2 66. Ne1+ Kb1 67. Nd3 c2 68. Qc1+ Ka2 69. Qe3 Qg8+ 70. Kf2 Qf7+ 71. Ke1
Qb3 72. Nc1+ 1-0

[Event "HUN Team League Csongrad Region 2019–2"]
[Site "Csongrád County"]
[Date "2019.10.20"]
[Round "2.4"]
[White "Bartha, Levente"]
[Black "Hodi, Adam"]
[Result "1-0"]
[WhiteElo "1531"]
[BlackElo "1228"]
[PlyCount "81"]
[EventDate "2019.09.29"]
[WhiteTeam "Szentes II."]
[BlackTeam "Üllés"]

1. e4 g6 2. d4 Bg7 3. Nf3 d6 4. h3 b6 5. Be3 Bb7 6. Nbd2 e5 7. d5 Ne7 8. Bb5+
c6 9. dxc6 Nbxc6 10. Nc4 d5 11. exd5 e4 12. dxc6 Bxc6 13. Bxc6+ Nxc6 14. Qxd8+
Rxd8 15. Nh2 b5 16. Nd2 Bxb2 17. Rb1 Bc3 18. Nhf1 Nb4 19. Rb3 Nd5 20. Ke2 b4
21. Nxe4 O-O 22. Nxc3 Nxc3+ 23. Kf3 Rd5 24. Rxb4 Re8 25. g4 h5 26. Ng3 Rde5 27.
Bd4 Nxa2 28. Ra4 Rd5 29. Ra1 Red8 30. R1xa2 Rxd4 31. Rxd4 Rxd4 32. Rxa7 h4 33.
Ne2 Rc4 34. c3 Kg7 35. Ke3 Rc5 36. Kd4 Rc6 37. Kd5 Re6 38. Ra2 Kf6 39. c4 Re5+
40. Kd4 Ke6 41. Ra6+ 1-0

[Event "HUN Team League Csongrad Region 2019–2"]
[Site "Csongrád County"]
[Date "2019.10.20"]
[Round "2.5"]
[White "Balogh, Ferenc"]
[Black "Megyaszai, Balazs"]
[Result "0-1"]
[WhiteElo "1937"]
[BlackElo "1894"]
[PlyCount "107"]
[EventDate "2019.09.29"]
[WhiteTeam "Maróczy V."]
[BlackTeam "Maróczy IV."]

1. e4 c5 2. Nf3 d6 3. d4 cxd4 4. Nxd4 Nf6 5. Nc3 a6 6. Be2 e6 7. O-O Be7 8. Kh1
O-O 9. f4 Nbd7 10. Bf3 Qc7 11. Nce2 Nc5 12. Ng3 Rb8 13. c3 Ne8 14. Qe2 b5 15.
Be3 Bb7 16. Rad1 Bf6 17. Bc1 Rc8 18. Nc2 Bh4 19. Qe3 Bxg3 20. hxg3 Nf6 21. e5
dxe5 22. fxe5 Nd5 23. Qg5 Ne7 24. Nd4 Ng6 25. Bf4 Na4 26. Rf2 Nb6 27. Bxb7 Qxb7
28. Nf3 Nd5 29. a3 h6 30. Qh5 Ngxf4 31. gxf4 Nxf4 32. Qh2 Ng6 33. Rd4 Rc5 34.
Re2 Qc7 35. Qg3 Rc4 36. Rd6 Qa7 37. Nd4 Kh7 38. Re4 Rc5 39. Rg4 Rc7 40. Kh2
Rcc8 41. Rxg6 fxg6 42. Nxe6 Rf5 43. Nd4 Rg5 44. Qf4 Qe7 45. Ne6 Rf5 46. Qg3 Rc4
47. Nd4 Rg5 48. Qf4 Rxe5 49. Rxa6 Rh5+ 50. Kg3 Qe1+ 51. Qf2 Rg5+ 52. Kf3 Qd1+
53. Qe2 Rxd4 54. cxd4 0-1

[Event "HUN Team League Csongrad Region 2019–2"]
[Site "Csongrád County"]
[Date "2019.10.20"]
[Round "2.5"]
[White "Tenk, Zoltan"]
[Black "Tornyai, Jeno"]
[Result "0-1"]
[WhiteElo "1882"]
[BlackElo "1790"]
[PlyCount "48"]
[EventDate "2019.09.29"]
[WhiteTeam "Maróczy IV."]
[BlackTeam "Maróczy V."]

1. d4 d5 2. Nf3 Nf6 3. c4 e6 4. e3 Nbd7 5. Nc3 c6 6. Be2 dxc4 7. Bxc4 b5 8. Bd3
a6 9. O-O c5 10. b3 cxd4 11. Nxd4 Bb7 12. Bb2 Nc5 13. Bc2 Rc8 14. b4 Ncd7 15.
a3 Nb6 16. Bb3 Bd6 17. Bxe6 fxe6 18. Nxe6 Qe7 19. Nxg7+ Qxg7 20. e4 Nc4 21. Qe2
Bxh2+ 22. Kxh2 Rg8 23. g3 Nxb2 24. Qxb2 Rxc3 0-1

[Event "HUN Team League Csongrad Region 2019–2"]
[Site "Csongrád County"]
[Date "2019.10.20"]
[Round "2.5"]
[White "Szamko, Szabolcs"]
[Black "Arato, Daniel"]
[Result "1-0"]
[WhiteElo "1534"]
[BlackElo "1720"]
[PlyCount "49"]
[EventDate "2019.09.29"]
[WhiteTeam "Maróczy V."]
[BlackTeam "Maróczy IV."]

1. e4 g6 2. Nc3 Bg7 3. g3 c5 4. Bg2 Nc6 5. d3 Nf6 6. Be3 Qb6 7. Qc1 O-O 8. Nge2
Ng4 9. Bd2 c4 10. O-O cxd3 11. cxd3 Nb4 12. Na4 Qb5 13. Bxb4 Qxb4 14. Nac3 e6
15. Rb1 Ne5 16. Rd1 b6 17. a3 Qe7 18. f4 Ng4 19. h3 Nh6 20. e5 Rb8 21. Nb5 a6
22. Nd6 Nf5 23. Qc7 Bb7 24. Nxb7 Ne3 25. Rdc1 1-0

[Event "HUN Team League Csongrad Region 2019–2"]
[Site "Csongrád County"]
[Date "2019.10.20"]
[Round "2.5"]
[White "Gyemant, Karoly"]
[Black "Puskas, Mihaly"]
[Result "1-0"]
[WhiteElo "1599"]
[BlackElo "1473"]
[PlyCount "83"]
[EventDate "2019.09.29"]
[WhiteTeam "Maróczy IV."]
[BlackTeam "Maróczy V."]

1. e4 e5 2. Bc4 Nf6 3. d3 Nc6 4. f3 Be7 5. Ne2 O-O 6. O-O Bc5+ 7. Kh1 h6 8. h3
d6 9. c3 Bd7 10. Bb3 Qe7 11. Bc2 Nh5 12. g4 Nf6 13. d4 exd4 14. cxd4 Bb6 15. d5
Ne5 16. Ng3 Bb5 17. Nf5 Qd7 18. g5 hxg5 19. Bxg5 Bxf1 20. Qxf1 Nh7 21. Bh6 gxh6
22. Qg2+ Ng6 23. e5 dxe5 24. Nc3 Bd4 25. Nxh6+ Kh8 26. Bf5 Qe7 27. Ne4 Qh4 28.
d6 Qxh6 29. dxc7 Nh4 30. Qg4 Nxf5 31. Qxf5 Qf4 32. Qh5 Bxb2 33. Rb1 Rg8 34. Nd6
Rgf8 35. h4 a6 36. Rg1 b5 37. Rg2 f5 38. Qg6 Qxh4+ 39. Kg1 Qd4+ 40. Kh2 e4 41.
Qg8+ Rxg8 42. Nf7# 1-0

[Event "HUN Team League Csongrad Region 2019–2"]
[Site "Csongrád County"]
[Date "2019.10.20"]
[Round "2.5"]
[White "Szamko, Hanna"]
[Black "Veres, Sandor"]
[Result "1/2-1/2"]
[WhiteElo "1402"]
[BlackElo "1479"]
[PlyCount "120"]
[EventDate "2019.09.29"]
[WhiteTeam "Maróczy V."]
[BlackTeam "Maróczy IV."]

1. e4 e6 2. d4 d5 3. exd5 exd5 4. Nf3 Nf6 5. Bf4 Bd6 6. Be3 Bg4 7. h3 Bh5 8.
Be2 Nbd7 9. Nbd2 O-O 10. g4 Bg6 11. Nh4 Be4 12. Bf3 Bxf3 13. Nhxf3 Re8 14. c3
Bf4 15. Nf1 c5 16. Qc2 cxd4 17. Nxd4 Bxe3 18. Nxe3 Nc5 19. O-O-O Nce4 20. Rhe1
Qd6 21. f3 Nc5 22. Nef5 Qf4+ 23. Qd2 Qxd2+ 24. Kxd2 Rxe1 25. Rxe1 Re8 26. Rxe8+
Nxe8 27. Ne7+ Kf8 28. Nxd5 g6 29. Ke3 Kg7 30. g5 f6 31. f4 fxg5 32. fxg5 Nd6
33. b3 Nce4 34. Kf4 h6 35. h4 h5 36. c4 Nc5 37. Nb5 Nxb5 38. cxb5 Kf7 39. Ke5
Nd3+ 40. Kd4 Ne1 41. Nc3 Ke6 42. Ke4 b6 43. b4 Kd6 44. Ke3 Ke5 45. Kd2 Kd4 46.
a4 Nf3+ 47. Kc2 Kc4 48. Kb2 Nd2 49. Ne2 Nf3 50. Ka3 Nxh4 51. Nf4 Nf3 52. Nxh5
Nxg5 53. Nf4 Ne4 54. Nxg6 Nf2 55. Ne5+ Kc3 56. Nc6 Nd3 57. Nxa7 Nxb4 58. Nc8
Nc2+ 59. Ka2 Nb4+ 60. Kb1 Nd5 1/2-1/2

[Event "HUN Team League Csongrad Region 2019–2"]
[Site "Csongrád County"]
[Date "2019.10.20"]
[Round "2.5"]
[White "Koszo, Ferenc"]
[Black "Dernovics, Aron"]
[Result "0-1"]
[WhiteElo "1380"]
[BlackElo "1377"]
[PlyCount "114"]
[EventDate "2019.09.29"]
[WhiteTeam "Maróczy IV."]
[BlackTeam "Maróczy V."]

1. d4 d6 2. c4 Nf6 3. Nc3 e6 4. e4 Be7 5. Nf3 Bd7 6. Bd3 c6 7. O-O c5 8. e5 Ng8
9. d5 exd5 10. Nxd5 Bg4 11. exd6 Bxd6 12. h3 Bh5 13. Re1+ Ne7 14. Nxe7 Bxe7 15.
Qe2 Bxf3 16. Qxf3 Nc6 17. Bg5 O-O 18. Bxe7 Nxe7 19. Rad1 Qc7 20. Re3 Nc6 21.
Qh5 g6 22. Qxc5 Rfe8 23. Rde1 Rxe3 24. Rxe3 b6 25. Qg5 Rd8 26. a3 Na5 27. g3
Rc8 28. Qg4 Nxc4 29. Bxc4 Qxc4 30. Qxc4 Rxc4 31. Re7 Ra4 32. f3 Kf8 33. Rc7 b5
34. Kf2 b4 35. Rc4 Ke7 36. Ke3 Kd6 37. Kd4 f6 38. f4 a5 39. g4 h5 40. f5 gxf5
41. gxh5 Ke7 42. Kc5 bxa3 43. bxa3 Rxa3 44. Rh4 Kf7 45. h6 Kg8 46. h7+ Kh8 47.
Kb5 Ra1 48. Rf4 Kxh7 49. Rxf5 Kg6 50. Rf3 f5 51. h4 a4 52. Kb4 Re1 53. h5+ Kg5
54. h6 Rh1 55. Kxa4 Rxh6 56. Kb4 Kg4 57. Rf1 Rc6 0-1

[Event "HUN Team League Csongrad Region 2019–2"]
[Site "Csongrád County"]
[Date "2019.10.20"]
[Round "2.5"]
[White "Korosi, Zsombor"]
[Black "Herpai, Jozsef Matyas"]
[Result "1-0"]
[WhiteElo "1121"]
[BlackElo "1124"]
[PlyCount "105"]
[EventDate "2019.09.29"]
[WhiteTeam "Maróczy V."]
[BlackTeam "Maróczy IV."]

1. e4 c5 2. Nf3 d6 3. Nc3 Nf6 4. Bc4 e6 5. O-O Nc6 6. h3 g6 7. Re1 Bg7 8. d3 a6
9. Be3 b5 10. Bb3 O-O 11. a3 Re8 12. e5 dxe5 13. Bxc5 Nd7 14. Ne4 f5 15. Nd6
Nxc5 16. Nxe8 Qxe8 17. Ba2 Bb7 18. Qd2 Rd8 19. Qe3 Qe7 20. Rac1 e4 21. Ng5 Bh6
22. h4 Bg7 23. dxe4 Bxb2 24. Rb1 Bd4 25. Qg3 h6 26. Nxe6 Nxe6 27. Qxg6+ Bg7 28.
Bxe6+ Kh8 29. exf5 Nd4 30. Bg8 Be5 31. Rxe5 Qg7 32. Qxg7+ Kxg7 33. Bb3 Kf6 34.
Rbe1 Rd7 35. R5e3 Rg7 36. Rg3 Rd7 37. Kf1 a5 38. Rd1 a4 39. Ba2 b4 40. axb4
Ba6+ 41. Kg1 Ne2+ 42. Kh2 Rxd1 43. Rg6+ Kxf5 44. Rxa6 Nc3 45. Be6+ Ke5 46. Bg4
Rd2 47. b5 Kf4 48. Bh3 Nxb5 49. Rxa4+ Ke5 50. Ra5 Rd5 51. c4 Rd2 52. Rxb5+ Kd4
53. Rd5+ 1-0